Normal view
MARC view
- Elias, Jamal J
Entry Personal Name
001 - CONTROL NUMBER
- control field: 4925
003 - CONTROL NUMBER IDENTIFIER
- control field: NUST
005 - DATE AND TIME OF LATEST TRANSACTION
- control field: 20170922164312.0
008 - FIXED-LENGTH DATA ELEMENTS
- fixed length control field: 170922|| aca||aabn | a|a d
040 ## - CATALOGING SOURCE
- Original cataloging agency: NUST
- Transcribing agency: NUST
100 ## - HEADING--PERSONAL NAME
- Personal name: Elias, Jamal J
670 ## - SOURCE DATA FOUND
- Source citation: Work cat.: (NUST): Elias, Jamal J, On wings of diesel:, 2011
